000
00225 a2200097 4500
001
23028
100
_a
Kreyszig, E
245
_a
Introduction to Differential Geometry
260
_a
_b
McGraw-Hill
_c
1968
090
_c
15570
_d
15570
942
_a
NUST-CAE
_c
M
_c
6192
999
_c
258101
_d
258101